[Event "Giraldilla de La Habana op"]
[Site "Havana"]
[Date "2018.07.29"]
[Round "4"]
[White "Canda Orta, Jasiel"]
[Black "Almagro Padilla, Alexander"]
[Result "1/2-1/2"]
[WhiteElo "2021"]
[BlackElo "1902"]
[PlyCount "40"]
[EventDate "2018.07.28"]
[EventType "swiss"]
[EventRounds "9"]
[EventCountry "CUB"]
[SourceTitle "EXT 2021"]
[Source "ChessBase"]
[SourceDate "2020.10.23"]
[SourceVersion "1"]
[SourceVersionDate "2020.10.23"]
[SourceQuality "1"]

1. d4 d5 2. Nf3 c6 3. Bg5 Nd7 4. e3 Ngf6 5. c4 e6 6. Nc3 Be7 7. Rc1 h6 8. Bh4 Nh7 9. Bg3 Ng5 10. cxd5 exd5 11. Nxd5 Qa5+ 12. Nc3 Ne4 13. Qc2 Ndf6 14. Bd3 Bf5 15. 0-0 Nxg3 16. hxg3 Bxd3 17. Qxd3 0-0 18. Ne5 Rad8 19. Qc4 Bd6 20. f4 h5 1/2-1/2